[Event "Titled Tue 24th Jun Late"]
[Site "chess.com INT"]
[Date "2025.06.24"]
[Round "8"]
[White "Hadzovic, Amir"]
[Black "Martinez, Shawn"]
[Result "1-0"]
[WhiteTitle "FM"]
[WhiteElo "2354"]
[BlackElo "1921"]
[WhiteFideId "14402300"]
[BlackFideId "2039770"]
[EventDate "2025.06.24"]

1. e4 c5 2. Nc3 e6 3. f4 a6 4. Nf3 b5 5. d3 b4 6. Ne2 Bb7 7. g3 d5 8. Bg2 dxe4
9. Ng5 Nf6 10. O-O Be7 11. Nxe4 Nxe4 12. Bxe4 Qc7 13. Be3 O-O 14. Qe1 Nd7 15.
Qf2 Bxe4 16. dxe4 Nf6 17. e5 Ng4 18. Qf3 Nxe3 19. Qxe3 Rfd8 20. Rad1 Rxd1 21.
Rxd1 Rd8 22. Rxd8+ Qxd8 23. Qd3 Qxd3 24. cxd3 Kf8 25. Kf2 Ke8 26. Ke3 Kd7 27.
Kd2 Kc6 28. Kc2 Kb5 29. Kb3 a5 30. a4+ bxa3 31. Nc3+ Kc6 32. bxa3 g5 33. Kc4
gxf4 34. gxf4 f6 35. Ne4 fxe5 36. fxe5 h5 37. h3 h4 38. a4 Bf8 39. Ng5 Bg7 40.
Nxe6 Bxe5 41. Nxc5 Bc7 42. d4 Bd8 43. d5+ Kb6 44. Ne6 Bf6 45. Nf4 Be5 46. Ng6
Bg3 47. Ne7 Bf4 48. Kd4 Bd6 49. Nf5 Bg3 50. Ke4 Be1 51. Ke5 Kc7 52. Ke6 Kd8 53.
Ne3 Bg3 54. Nc4 Be1 55. Ne5 Bd2 56. d6 1-0

[Event "Titled Tue 24th Jun Late"]
[Site "chess.com INT"]
[Date "2025.06.24"]
[Round "8"]
[White "Nihal, Sarin"]
[Black "Papasimakopoulos, Alexandros"]
[Result "1-0"]
[WhiteTitle "GM"]
[BlackTitle "IM"]
[WhiteElo "2696"]
[BlackElo "2366"]
[WhiteFideId "25092340"]
[BlackFideId "4244125"]
[EventDate "2025.06.24"]

1. d4 d5 2. c4 e6 3. Nf3 a6 4. e3 Nf6 5. b3 c5 6. Bb2 cxd4 7. Nxd4 Nc6 8. Nxc6
bxc6 9. Be2 Be7 10. O-O O-O 11. Nc3 a5 12. Rc1 Ba6 13. Na4 Nd7 14. Qc2 Bf6 15.
Rfd1 Bxb2 16. Qxb2 Qf6 17. Qxf6 gxf6 18. Kf1 Rfc8 19. Rc2 Rd8 20. cxd5 Bxe2+ 21.
Kxe2 cxd5 22. Rc7 Ne5 23. f4 Ng6 24. g4 Nf8 25. h4 h6 26. h5 Rd6 27. Rdc1 d4 28.
e4 e5 29. f5 d3+ 30. Kd2 Nh7 31. Rc8+ Rxc8 32. Rxc8+ Kg7 33. Rc3 Rd4 34. Nc5 Ng5
35. Rc4 Nf3+ 36. Kd1 Rd8 37. Rc3 Ng5 38. Rxd3 Rxd3+ 39. Nxd3 Nxe4 40. a4 Kf8 41.
b4 Ke7 42. bxa5 Kd6 43. Ke2 Nc5 44. Nf2 Kd5 45. Ke3 Nd7 46. Ne4 Kc6 47. a6 Kb6
48. Nd6 Kxa6 49. Nxf7 Ka5 50. Nxh6 Kxa4 51. Ng8 Kb5 52. h6 1-0

[Event "Titled Tue 24th Jun Late"]
[Site "chess.com INT"]
[Date "2025.06.24"]
[Round "8"]
[White "Mayaud, Raphael"]
[Black "Buchenau, Frank"]
[Result "0-1"]
[WhiteTitle "CM"]
[BlackTitle "FM"]
[WhiteElo "2126"]
[BlackElo "2205"]
[WhiteFideId "627151"]
[BlackFideId "4604350"]
[EventDate "2025.06.24"]

1. d4 e6 2. Nf3 Nf6 3. c4 b6 4. g3 Bb7 5. Bg2 Be7 6. O-O O-O 7. Qc2 c5 8. Rd1
cxd4 9. Nxd4 Bxg2 10. Kxg2 Qc7 11. b3 d5 12. Bb2 dxc4 13. Qxc4 Qxc4 14. bxc4 Rc8
15. Nd2 Nc6 16. N2b3 Nxd4 17. Rxd4 Rc7 18. Rc1 Rac8 19. e3 e5 20. Rdd1 Rxc4 21.
Bxe5 Rxc1 22. Rxc1 Rxc1 23. Nxc1 Nd5 24. Kf3 f6 25. Bd4 Kf7 26. Ke4 Ke6 27. Kd3
Nb4+ 28. Kc4 Nc6 29. Bc3 a6 30. Nb3 b5+ 31. Kd3 Nb4+ 32. Bxb4 Bxb4 33. Nd4+ Kd7
34. f4 Bc5 35. Nb3 Bb6 36. g4 a5 37. e4 a4 38. Nd2 Kc6 39. h4 Kc5 40. h5 Kb4 41.
Kc2 Be3 42. Nb1 Bxf4 43. Nc3 Kc4 44. Ne2 Be5 45. Ng1 b4 46. Nf3 b3+ 47. axb3+
axb3+ 48. Kb1 Kd3 49. g5 Kxe4 50. g6 hxg6 51. Nd2+ Kd3 52. Nf3 gxh5 0-1

[Event "Titled Tue 24th Jun Late"]
[Site "chess.com INT"]
[Date "2025.06.24"]
[Round "8"]
[White "Alvarado, Carlos"]
[Black "Zhou, Abigail"]
[Result "1-0"]
[WhiteTitle "CM"]
[BlackTitle "WCM"]
[WhiteElo "2032"]
[BlackElo "1780"]
[WhiteFideId "3800555"]
[BlackFideId "39922081"]
[EventDate "2025.06.24"]

1. Nf3 d5 2. b3 c5 3. Bb2 Nc6 4. e3 Nf6 5. Bb5 e6 6. Kf1 Bd6 7. Ne5 Bxe5 8. Bxe5
O-O 9. Bxc6 bxc6 10. d3 a5 11. a4 Nd7 12. Bb2 e5 13. Nd2 f5 14. Qh5 g6 15. Qh6
f4 16. e4 Qe7 17. h4 Nf6 18. f3 Nh5 19. Kf2 c4 20. Ba3 Qa7+ 21. Ke1 Qe3+ 22. Kd1
Rf7 23. bxc4 Ng3 24. Re1 Qd4 25. Rb1 Be6 26. Bb2 Qf2 27. cxd5 cxd5 28. exd5 Bxd5
29. Bxe5 Qxg2 30. c4 Bxf3+ 31. Kc2 Nf5 32. Qg5 Qxg5 33. hxg5 Ne3+ 34. Kc3 Bh5
35. Bf6 Raf8 36. Ne4 Ng2 37. Rf1 f3 38. Rf2 Ne3 39. Kd2 Nf5 40. d4 h6 41. d5
hxg5 42. Bxg5 Nd4 43. Kd3 Ne2 44. Rh1 Kg7 45. Be3 Re7 46. Bd4+ Kg8 47. Nc5 Ref7
48. Ne6 Re7 49. Nxf8 Kxf8 1-0

[Event "Titled Tue 24th Jun Late"]
[Site "chess.com INT"]
[Date "2025.06.24"]
[Round "8"]
[White "Ambartsumova, Karina"]
[Black "Kourkoulos-Arditis, Stamatis"]
[Result "0-1"]
[WhiteTitle "IM"]
[BlackTitle "GM"]
[WhiteElo "2403"]
[BlackElo "2580"]
[WhiteFideId "4166299"]
[BlackFideId "4221990"]
[EventDate "2025.06.24"]

1. Nf3 d5 2. c4 e6 3. e3 Nf6 4. Nc3 b6 5. b3 Bb7 6. Bb2 Nbd7 7. Rc1 a6 8. cxd5
exd5 9. d4 Bd6 10. Bd3 O-O 11. O-O Re8 12. Ne2 Ne4 13. Ng3 g6 14. Qc2 Rc8 15.
Rfd1 Qe7 16. Qe2 a5 17. Bb5 c6 18. Bd3 h5 19. Nf1 Rc7 20. N3d2 Nef6 21. Nf3 Ne4
22. N3d2 Ndf6 23. Nxe4 dxe4 24. Ba6 Ba8 25. a4 Nd5 26. Bc4 Rec8 27. Rc2 Bb7 28.
Bxd5 cxd5 29. Rdc1 Rxc2 30. Rxc2 Qd7 31. Qd1 Ba6 32. Qc1 Rxc2 33. Qxc2 b5 34.
Nd2 bxa4 35. bxa4 Bd3 36. Qb3 Qg4 37. f3 Qe6 38. fxe4 Bxe4 39. Nxe4 Qxe4 40. Qd1
Qxe3+ 41. Kh1 Qf4 42. g3 Qe4+ 43. Kg1 Be7 44. Bc1 Bf6 45. Bb2 Bg5 46. Kf1 Qh1+
47. Ke2 Qxh2+ 48. Kf3 Qxb2 0-1

[Event "Titled Tue 24th Jun Late"]
[Site "chess.com INT"]
[Date "2025.06.24"]
[Round "8"]
[White "Amburgy, Ryan"]
[Black "Vakhidov, Jakhongir"]
[Result "1/2-1/2"]
[WhiteTitle "FM"]
[BlackTitle "GM"]
[WhiteElo "2332"]
[BlackElo "2539"]
[WhiteFideId "30924820"]
[BlackFideId "14201801"]
[EventDate "2025.06.24"]

1. d4 Nf6 2. c4 e6 3. g3 d5 4. Bg2 dxc4 5. Nf3 Bb4+ 6. Bd2 a5 7. Qc2 c5 8. dxc5
Bxc5 9. Qxc4 b6 10. Nc3 O-O 11. Rd1 Ba6 12. Qh4 Nbd7 13. O-O Be7 14. Nd4 Nd5 15.
Qh3 N7f6 16. Rfe1 Rc8 17. Nxd5 exd5 18. Nf5 Re8 19. Nxe7+ Qxe7 20. Bc3 Rcd8 21.
Qf5 Ne4 22. Bd4 Rd6 23. Rc1 a4 24. e3 Bc4 25. Bxe4 Qxe4 26. Qxe4 Rxe4 27. b3
axb3 28. axb3 Bb5 29. Rc7 h5 30. Ra1 h4 31. Raa7 Be8 32. f3 Ree6 33. g4 Rc6 34.
Kf2 Rxc7 35. Rxc7 b5 36. Bc5 f6 37. Rc8 Kh7 38. f4 Rc6 39. Rxc6 Bxc6 40. Bd4 Kg6
41. Kg2 Bd7 42. Kh3 b4 43. Kxh4 Bb5 44. Bc5 Bd3 45. Bxb4 Bc2 46. Bc5 Bxb3 47.
Kg3 Bd1 48. h4 f5 49. h5+ Kf7 50. gxf5 Bxh5 51. Kh4 Be2 52. Kg5 Bd3 53. Bd4 Bc2
54. f6 gxf6+ 55. Bxf6 Ke6 56. Bd4 Bd3 57. Kg4 1/2-1/2

[Event "Titled Tue 24th Jun Late"]
[Site "chess.com INT"]
[Date "2025.06.24"]
[Round "8"]
[White "Spyropoulos, Nikolaos"]
[Black "Amaya, Brayan Angel"]
[Result "1-0"]
[WhiteTitle "IM"]
[WhiteElo "2400"]
[BlackElo "1903"]
[WhiteFideId "4298977"]
[BlackFideId "39909646"]
[EventDate "2025.06.24"]

1. e4 c6 2. d4 d5 3. e5 a6 4. c4 Bf5 5. Nc3 e6 6. h4 h5 7. Bd3 Bxd3 8. Qxd3 Ne7
9. Bg5 Qa5 10. Bxe7 Bxe7 11. Nf3 dxc4 12. Qxc4 Nd7 13. O-O Nb6 14. Qe2 Nd5 15.
Ne4 Qb5 16. Qc2 Rd8 17. g3 g6 18. a3 Kf8 19. Kg2 Kg7 20. Rfd1 Rd7 21. Rac1 Rhd8
22. Nc5 Bxc5 23. dxc5 a5 24. Ng5 Ne7 25. Rd6 Nf5 26. Rcd1 Nxd6 27. exd6 e5 28.
f4 Re8 29. f5 a4 30. fxg6 fxg6 31. Rf1 Qb3 32. Qxb3 axb3 33. Ne4 Rf7 34. Rd1 Rd8
35. Rd3 Ra8 36. Rxb3 Ra4 37. Ng5 Rd7 38. Re3 e4 39. Nxe4 Rc4 40. b4 Rc1 41. Ng5
Rc2+ 42. Kh3 b6 43. a4 bxc5 44. bxc5 Rxc5 45. Ne6+ Kf6 46. Nxc5 Rxd6 47. Ne4+ 1-0

[Event "Titled Tue 24th Jun Late"]
[Site "chess.com INT"]
[Date "2025.06.24"]
[Round "8"]
[White "Plichta, Kamil"]
[Black "Kravtsiv, Martyn"]
[Result "1/2-1/2"]
[WhiteTitle "FM"]
[BlackTitle "GM"]
[WhiteElo "2361"]
[BlackElo "2598"]
[WhiteFideId "1141830"]
[BlackFideId "14113147"]
[EventDate "2025.06.24"]

1. Nf3 Nf6 2. g3 e6 3. Bg2 d5 4. O-O Be7 5. d3 O-O 6. Nbd2 Nc6 7. e4 dxe4 8.
dxe4 e5 9. Nc4 Qxd1 10. Rxd1 Bg4 11. Re1 Bxf3 12. Bxf3 Rad8 13. c3 Rfe8 14. a4
h6 15. Be3 Nd7 16. b4 Nb6 17. Be2 Bg5 18. Bxg5 hxg5 19. Ne3 Ne7 20. a5 Nbc8 21.
a6 b6 22. Bb5 c6 23. Ba4 Nd6 24. f3 b5 25. Bb3 Nec8 26. Red1 Nb6 27. Kf2 Kf8 28.
Ke2 f6 29. h4 gxh4 30. gxh4 Rd7 31. h5 Red8 32. Rd3 Nf7 33. Rxd7 Rxd7 34. Bxf7
Kxf7 35. Rg1 Na4 36. Nf5 Kf8 37. h6 gxh6 38. Rg6 Nxc3+ 39. Ke3 Kf7 40. Rxh6 Nd1+
41. Ke2 Nc3+ 42. Ke3 Na2 43. Rh7+ Ke6 44. Ng7+ Kd6 45. Ne8+ Ke6 46. Nc7+ Kd6 47.
Ne8+ Ke6 48. Nc7+ Kd6 49. Ne8+ 1/2-1/2

[Event "Titled Tue 24th Jun Late"]
[Site "chess.com INT"]
[Date "2025.06.24"]
[Round "8"]
[White "Unver, Cumayi"]
[Black "Estrada Nieto, Julian"]
[Result "1-0"]
[BlackTitle "IM"]
[WhiteElo "2012"]
[BlackElo "2181"]
[WhiteFideId "6304940"]
[BlackFideId "5101018"]
[EventDate "2025.06.24"]

1. c3 e5 2. d4 exd4 3. cxd4 d5 4. Nc3 Nf6 5. Bg5 Be7 6. e3 c6 7. Nf3 O-O 8. Bd3
Re8 9. O-O Nbd7 10. Rc1 Nf8 11. Qc2 g6 12. Ne5 Ne6 13. Bh4 Ng7 14. a3 Bf5 15.
Bg3 Bxd3 16. Qxd3 Nf5 17. b4 Bd6 18. Nf3 Bxg3 19. hxg3 Nd6 20. Ne5 a6 21. Na4
Nfe4 22. Nc5 Re7 23. Rc2 Kg7 24. Rfc1 a5 25. bxa5 Qxa5 26. a4 f6 27. Ned7 Qc7
28. Rb1 Rd8 29. Nb6 h5 30. Nxe4 Nxe4 31. a5 Rh8 32. Nxd5 cxd5 33. Rxc7 Rxc7 34.
Qb5 Rd8 35. Rb2 Rd6 36. Kh2 Rdc6 37. Qxd5 Nc3 38. Qf3 f5 39. Rxb7 Rxb7 40. Qxc6
Rb3 41. a6 Ne4 42. a7 Nxf2 43. a8=Q Rb1 44. Qd7+ Kh6 45. Qh8+ Kg5 46. Qe7+ Kg4
47. Qh4# 1-0

[Event "Titled Tue 24th Jun Late"]
[Site "chess.com INT"]
[Date "2025.06.24"]
[Round "8"]
[White "Li, Yilin"]
[Black "Bucci, Andrea"]
[Result "1/2-1/2"]
[WhiteTitle "WFM"]
[WhiteElo "1922"]
[BlackElo "1526"]
[WhiteFideId "8610410"]
[BlackFideId "28546890"]
[EventDate "2025.06.24"]

1. e4 e5 2. Nf3 d6 3. c3 c6 4. d4 Nd7 5. Bc4 b5 6. Bb3 Be7 7. O-O h6 8. a4 Ngf6
9. axb5 cxb5 10. dxe5 dxe5 11. Bd5 Nxd5 12. Qxd5 Nb6 13. Qxb5+ Bd7 14. Qxe5 O-O
15. Qg3 Kh7 16. Na3 Bc6 17. e5 Qd3 18. Be3 Nd5 19. Rad1 Qf5 20. Nd4 Qd7 21. Nxc6
Qxc6 22. Nc2 f6 23. Qf3 Rad8 24. Nd4 Qa8 25. Ne6 fxe5 26. Nxf8+ Bxf8 27. Qf5+
Kh8 28. Qxe5 Nf6 29. Bxh6 Re8 30. Qd4 Kh7 31. Bg5 Be7 32. Qh4+ Kg8 33. Rfe1 Kf7
34. Qc4+ Kf8 35. Bxf6 Bxf6 36. Qc5+ Kg8 37. Rxe8+ Qxe8 38. Qd5+ Kh8 39. h3 Kh7
40. Qf5+ Kh8 41. Qd7 Qh5 42. Qc8+ Kh7 43. Qg4 Qh6 44. Qf5+ Kg8 45. Re1 g6 46.
Re8+ Kf7 47. Qe6+ Kg7 48. Rg8+ Kh7 49. Rf8 Qc1+ 50. Kh2 Qf4+ 51. Kg1 Qc1+ 52.
Kh2 Qf4+ 53. g3 Qxf2+ 54. Kh1 Qf1+ 55. Kh2 Qf2+ 56. Kh1 Qf1+ 57. Kh2 Qf2+ 1/2-1/2

[Event "Titled Tue 24th Jun Late"]
[Site "chess.com INT"]
[Date "2025.06.24"]
[Round "8"]
[White "Zdorov, Egor Vit"]
[Black "Bogaudinov, Rushan"]
[Result "0-1"]
[WhiteTitle "CM"]
[BlackTitle "FM"]
[WhiteElo "2101"]
[BlackElo "1912"]
[WhiteFideId "55688560"]
[BlackFideId "4129288"]
[EventDate "2025.06.24"]

1. d4 d5 2. c4 e6 3. Nc3 Nf6 4. cxd5 exd5 5. Bg5 c6 6. e3 Be7 7. Bd3 Nbd7 8. Qc2
h6 9. Bh4 O-O 10. Nge2 Nh5 11. Bxe7 Qxe7 12. O-O Ndf6 13. a3 a5 14. Rab1 g6 15.
b4 axb4 16. axb4 Bg4 17. b5 Rfc8 18. bxc6 bxc6 19. Na4 Bxe2 20. Bxe2 Ra7 21. Nc5
Ng7 22. Rb6 Nge8 23. Rfb1 Nd6 24. Nb3 Rac7 25. Rc1 Qd7 26. Na5 c5 27. dxc5 Rxc5
28. Qxc5 Rxc5 29. Rxc5 Nde4 30. Rc1 Qa4 31. Nc6 Qa2 32. Nd4 h5 33. f3 Qd2 34.
Rc8+ Kh7 35. fxe4 Qxe3+ 36. Kh1 Nxe4 37. h3 Qxd4 38. Rbb8 Ng3+ 39. Kh2 Nxe2 40.
Rb1 h4 41. Rf1 Qe5+ 0-1

[Event "Titled Tue 24th Jun Late"]
[Site "chess.com INT"]
[Date "2025.06.24"]
[Round "8"]
[White "Ratkovic, Miloje"]
[Black "Povshednyi, Ivan"]
[Result "0-1"]
[WhiteTitle "GM"]
[BlackTitle "FM"]
[WhiteElo "2489"]
[BlackElo "2309"]
[WhiteFideId "914517"]
[BlackFideId "14190907"]
[EventDate "2025.06.24"]

1. d4 Nf6 2. Nf3 e6 3. c3 c5 4. Bf4 b6 5. e3 cxd4 6. exd4 Be7 7. Nbd2 O-O 8. Bd3
Ba6 9. Bxa6 Nxa6 10. O-O d6 11. h3 Nc7 12. a4 a6 13. Qe2 Qd7 14. Rfd1 h6 15. Nf1
b5 16. axb5 axb5 17. Ne3 Ncd5 18. Bg3 Nxe3 19. fxe3 Qb7 20. Bh4 g5 21. Bf2 Ne4
22. Nd2 Nxd2 23. Qxd2 Qe4 24. Qe2 Rab8 25. Ra7 Bf6 26. Qf3 Qxf3 27. gxf3 d5 28.
e4 b4 29. Bg3 Rb5 30. Bd6 bxc3 31. bxc3 Rc8 32. e5 Bg7 33. Rd3 Rb3 34. Bc5 Bxe5
35. Kf1 Bf6 36. Ke2 Rcb8 37. Rd2 R3b7 38. Ra6 Rb2 39. Bd6 Rxd2+ 40. Kxd2 Rb2+
41. Kd3 Kg7 42. Ra8 Rb1 43. Bf8+ Kg6 44. Bd6 Rh1 45. Rg8+ Kh7 46. Rf8 Kg7 47.
Ke3 Rxh3 48. Kf2 g4 49. fxg4 Rxc3 50. Ra8 Bxd4+ 51. Kg2 Bf6 52. Bf8+ Kg6 53. Bd6
Rc6 54. Bf4 e5 55. Bg3 h5 56. Rg8+ Kh7 57. Rf8 Kg7 58. Re8 hxg4 59. Bxe5 Re6 60.
Bxf6+ Kxf6 61. Rg8 Ke5 62. Rxg4 Rg6 0-1

[Event "Titled Tue 24th Jun Late"]
[Site "chess.com INT"]
[Date "2025.06.24"]
[Round "8"]
[White "Zieba, Hubert"]
[Black "Fadi, Marko"]
[Result "1-0"]
[WhiteTitle "CM"]
[BlackTitle "FM"]
[WhiteElo "2233"]
[BlackElo "2298"]
[WhiteFideId "21844704"]
[BlackFideId "10605371"]
[EventDate "2025.06.24"]

1. d4 d5 2. c4 e6 3. Nf3 Nf6 4. g3 Bb4+ 5. Bd2 Be7 6. Bg2 O-O 7. O-O c6 8. Bc3
Nbd7 9. Nbd2 b6 10. b4 Ba6 11. Qb3 dxc4 12. Nxc4 Qc7 13. Rac1 Rac8 14. Bb2 Qb8
15. Nfe5 Bb7 16. Nxd7 Nxd7 17. Rfd1 Rfd8 18. h4 Ba8 19. h5 h6 20. Be4 c5 21. Bb1
cxb4 22. Qd3 Nf8 23. Ne5 Bf6 24. Ng4 Bg5 25. Rxc8 Rxc8 26. a3 a5 27. axb4 axb4
28. d5 exd5 29. Qd4 Ne6 30. Qd3 d4 31. Qh7+ Kf8 32. Bf5 Qb7 33. f3 Qd5 34. Qh8+
Ke7 35. Qxc8 Qxf5 36. Qxa8 Qc5 37. Qb7+ Ke8 38. Qb8+ Ke7 39. Qe5 Qc2 40. Rc1
Qxb2 41. Rc7+ Ke8 42. Ra7 Bd8 43. Qd6 Qc1+ 44. Kg2 Nc7 45. Ne5 Qc5 46. Qd7+ 1-0

[Event "Titled Tue 24th Jun Late"]
[Site "chess.com INT"]
[Date "2025.06.24"]
[Round "8"]
[White "Venskaya, Nika"]
[Black "Przybylski, Wojciech"]
[Result "0-1"]
[WhiteTitle "WCM"]
[BlackTitle "FM"]
[WhiteElo "1926"]
[BlackElo "2340"]
[WhiteFideId "13523503"]
[BlackFideId "1117599"]
[EventDate "2025.06.24"]

1. d4 d5 2. Nf3 Nf6 3. g3 Bg4 4. Bg2 c6 5. O-O Nbd7 6. c4 e6 7. cxd5 exd5 8. Nc3
Be7 9. Bg5 O-O 10. h3 Bf5 11. Qb3 Qb6 12. Ne5 h6 13. Nxd7 Bxd7 14. Bxf6 Bxf6 15.
e3 Rfe8 16. Kh2 Qxb3 17. axb3 Kf8 18. b4 Be7 19. b5 Bb4 20. bxc6 bxc6 21. Ra4 a5
22. Ra2 Rab8 23. Na4 Bf5 24. Rc1 Re6 25. Nc5 Rd6 26. Na6 Rb6 27. Nxb4 axb4 28.
g4 Bd3 29. Ra8+ Ke7 30. Bf1 Be4 31. Kg3 b3 32. Rc3 Rd7 33. Ra3 Rdb7 34. f3 Bc2
35. Bd3 Kd6 36. Ra5 Bd1 37. e4 Rb4 38. Ra6 Rxd4 39. Raxc6+ Ke7 40. exd5 Rxd5 41.
Bf5 g6 42. Be4 Rdd7 43. Ra6 Rbc7 44. Rac6 Rxc6 45. Bxc6 Rd2 46. Ba4 Rxb2 47. Kf4
Rb1 48. Ke3 b2 49. Bb5 Rc1 50. Rb3 Bxb3 0-1

[Event "Titled Tue 24th Jun Late"]
[Site "chess.com INT"]
[Date "2025.06.24"]
[Round "8"]
[White "Kalinin, Nikita An."]
[Black "Tang, Austin"]
[Result "0-1"]
[WhiteTitle "FM"]
[WhiteElo "2336"]
[BlackElo "1979"]
[WhiteFideId "34233512"]
[BlackFideId "30964580"]
[EventDate "2025.06.24"]

1. e4 e5 2. Nf3 Nf6 3. Nxe5 d6 4. Nf3 Nxe4 5. Nc3 Nxc3 6. dxc3 Be7 7. Be3 O-O 8.
Qd2 Nd7 9. O-O-O c6 10. h4 d5 11. h5 h6 12. Kb1 Nc5 13. Bd3 Nxd3 14. Qxd3 Bf6
15. Rdg1 Bg4 16. Nd4 c5 17. Ne2 d4 18. cxd4 Bxe2 19. Qxe2 cxd4 20. Bc1 Qb6 21.
g4 Rac8 22. Qd3 Rc3 23. Qf5 d3 24. g5 dxc2+ 25. Ka1 Rc5 26. Qd3 Rd8 27. Qa3 Ra5
28. Qh3 Qa6 29. Qb3 Bxg5 30. Bxg5 Rxg5 31. Rxg5 hxg5 32. Qxc2 Qc6 33. Qxc6 bxc6
34. Rc1 Rd2 35. a4 Rxf2 36. Rxc6 g4 37. Rc4 g3 38. Rg4 g2 39. Ka2 f5 40. Rg5 Kh7
41. a5 f4 42. Ka3 Rf3+ 43. Ka4 Rg3 44. Rxg3 fxg3 45. h6 Kxh6 46. b4 g1=Q 47. a6
Qb6 48. b5 g2 49. Kb4 g1=Q 50. Ka4 Qgd4+ 51. Kb3 Qxb5+ 52. Ka3 Qda4# 0-1

[Event "Titled Tue 24th Jun Late"]
[Site "chess.com INT"]
[Date "2025.06.24"]
[Round "8"]
[White "Shymanskyi, Oleksandr"]
[Black "Bonin, Jay"]
[Result "0-1"]
[WhiteTitle "FM"]
[BlackTitle "IM"]
[WhiteElo "2218"]
[BlackElo "2102"]
[WhiteFideId "14168880"]
[BlackFideId "2000644"]
[EventDate "2025.06.24"]

1. b3 d5 2. Bb2 Bg4 3. f3 Bh5 4. e4 dxe4 5. Qe2 c6 6. Qxe4 Nd7 7. Nc3 Ngf6 8.
Qe2 e6 9. Nh3 Qa5 10. Nf4 Ba3 11. Bxa3 Qxa3 12. Nxh5 Nxh5 13. Qd1 Nf4 14. g3 Nd5
15. Nxd5 exd5 16. Bg2 Qe7+ 17. Qe2 Qxe2+ 18. Kxe2 Ke7 19. f4 Kd6 20. d3 Rhe8+
21. Kd2 d4 22. Rae1 Nf6 23. c3 dxc3+ 24. Kxc3 Nd5+ 25. Kd2 a5 26. Re4 f5 27.
Ree1 Kc5 28. Bxd5 Kxd5 29. Kc3 b5 30. d4 Re4 31. Rxe4 fxe4 32. a3 b4+ 33. axb4
axb4+ 34. Kxb4 Kxd4 35. Rd1+ Ke3 36. Kc5 Kf2 37. Rd2+ Kf3 38. Kxc6 e3 39. Rd3
Kf2 40. b4 e2 41. Rd2 Kf1 42. Rxe2 Kxe2 43. b5 Kf3 44. b6 Kg2 45. b7 Rb8 46. f5
h5 47. Kc7 Rxb7+ 48. Kxb7 Kxh2 49. Kc6 Kxg3 50. Kd5 Kf4 51. Ke6 h4 52. Kf7 Kxf5
53. Kxg7 h3 54. Kf7 h2 0-1

[Event "Titled Tue 24th Jun Late"]
[Site "chess.com INT"]
[Date "2025.06.24"]
[Round "8"]
[White "Wanyama, Harold"]
[Black "Hariharan, Shambavi"]
[Result "0-1"]
[WhiteTitle "FM"]
[BlackTitle "WCM"]
[WhiteElo "2143"]
[BlackElo "1936"]
[WhiteFideId "10000380"]
[BlackFideId "488160"]
[EventDate "2025.06.24"]

1. d4 d5 2. c4 e6 3. g3 Nf6 4. Bg2 Bb4+ 5. Nd2 O-O 6. Nf3 b6 7. a3 Be7 8. Rb1
Bb7 9. b4 Nbd7 10. c5 bxc5 11. bxc5 Bc6 12. O-O Re8 13. Bb2 Bf8 14. Re1 Ne4 15.
Nxe4 dxe4 16. Nd2 f5 17. f3 exf3 18. exf3 Nf6 19. Nc4 Bd5 20. Ne5 Nd7 21. Nd3
Nf6 22. Nb4 c6 23. Qa4 Qc7 24. Kh1 a5 25. Nd3 Reb8 26. Qd1 Rb3 27. Ba1 Rxb1 28.
Qxb1 Rb8 29. Qc2 Qb7 30. Qd2 Qb3 31. Bc3 Qxa3 32. Bxa5 Rb3 33. Nf4 Bxf3 34. Bxf3
Rxf3 35. Bb4 Qb3 36. Ba5 Ne4 37. Qb4 Qc2 38. Qb8 Nf2+ 39. Kg2 Rb3 40. Qe5 Nd3+ 0-1

[Event "Titled Tue 24th Jun Late"]
[Site "chess.com INT"]
[Date "2025.06.24"]
[Round "8"]
[White "Sprenar, Petr"]
[Black "Vlassov, Nikolai"]
[Result "1-0"]
[WhiteTitle "FM"]
[BlackTitle "IM"]
[WhiteElo "2318"]
[BlackElo "2291"]
[WhiteFideId "397164"]
[BlackFideId "4103360"]
[EventDate "2025.06.24"]

1. d4 Nf6 2. c4 Nc6 3. Nf3 e6 4. g3 Bb4+ 5. Bd2 a5 6. Bg2 d6 7. O-O e5 8. d5 Nb8
9. Nc3 O-O 10. Ne1 Bc5 11. Nd3 Ba7 12. a3 c6 13. b4 cxd5 14. Nxd5 Nxd5 15. Bxd5
Nc6 16. bxa5 Nxa5 17. Bb4 Nc6 18. e3 Be6 19. Qb3 Bxd5 20. cxd5 Ne7 21. Nb2 b5
22. a4 bxa4 23. Rxa4 Bc5 24. Rxa8 Qxa8 25. Bxc5 dxc5 26. e4 Rb8 27. Qc3 Ng6 28.
Nd3 Rc8 29. Nxc5 Qa7 30. Rc1 h5 31. Qc4 Nf8 32. Qb4 Nd7 33. Nd3 Rxc1+ 34. Nxc1
Qa1 35. Qe1 h4 36. Nd3 Qd4 37. Qe3 Qc3 38. Ne1 Qa1 39. Kg2 hxg3 40. hxg3 Nf6 41.
Nf3 Kf8 42. Nd2 Qd1 43. Qc5+ Kg8 44. Qe3 Ng4 45. Qf3 1-0

[Event "Titled Tue 24th Jun Late"]
[Site "chess.com INT"]
[Date "2025.06.24"]
[Round "8"]
[White "Zeliantsova, Kseniya"]
[Black "Karas, Marek"]
[Result "0-1"]
[WhiteTitle "WFM"]
[BlackTitle "FM"]
[WhiteElo "2062"]
[BlackElo "2215"]
[WhiteFideId "13512617"]
[BlackFideId "14928558"]
[EventDate "2025.06.24"]

1. e4 c5 2. Nf3 e6 3. Nc3 a6 4. d4 cxd4 5. Nxd4 Qc7 6. g3 b6 7. Bg2 Bb7 8. O-O
d6 9. a4 Nf6 10. Re1 Be7 11. Bg5 O-O 12. Qd2 Nbd7 13. Nb3 Ne5 14. Rad1 Rac8 15.
Bxf6 Bxf6 16. Qxd6 Qxd6 17. Rxd6 Nc4 18. Rd7 Bc6 19. Ra7 Bxc3 20. bxc3 b5 21.
axb5 Bxb5 22. Nd4 Ne5 23. Nxb5 axb5 24. f4 Nc4 25. e5 Rc5 26. Rb7 Na3 27. Re3
Nxc2 28. Rd3 Na3 29. Bf1 Nb1 30. Rdd7 Nxc3 31. Bd3 g6 32. Kf2 Kg7 33. g4 Nd5 34.
f5 gxf5 35. gxf5 exf5 36. Bxf5 Nc3 37. Re7 Nd5 38. Bd3 Nxe7 39. Rxe7 b4 40. Rb7
Rxe5 41. Rxb4 Re6 42. Rg4+ Kh8 43. Rh4 h6 44. Kf3 Rf6+ 45. Ke3 Re8+ 46. Kd2 Kg7
47. Kc3 Rd6 48. Rg4+ Kf8 49. Rf4 Re3 0-1

[Event "Titled Tue 24th Jun Late"]
[Site "chess.com INT"]
[Date "2025.06.24"]
[Round "8"]
[White "Watanabe, Akira"]
[Black "Winkels, Marcel"]
[Result "1-0"]
[WhiteTitle "FM"]
[BlackTitle "CM"]
[WhiteElo "2284"]
[BlackElo "1905"]
[WhiteFideId "7000227"]
[BlackFideId "1003887"]
[EventDate "2025.06.24"]

1. d4 d6 2. e4 Nf6 3. Nc3 g6 4. Nf3 Bg7 5. Be2 O-O 6. O-O Bg4 7. h3 Bxf3 8. Bxf3
Nc6 9. Be3 e5 10. d5 Ne7 11. Be2 Nd7 12. a4 f5 13. Bg5 h6 14. Bc1 f4 15. Bg4 Nf6
16. Be6+ Kh7 17. Ra3 Nd7 18. a5 Nc5 19. Bg4 h5 20. Be2 Ng8 21. b4 Nd7 22. a6 b6
23. Bb5 Ngf6 24. Bc6 Rb8 25. Nb5 g5 26. Nxa7 g4 27. Bb7 f3 28. Nc6 Qe8 29. Nxb8
Qxb8 30. h4 fxg2 31. Kxg2 Qa7 32. Bc6 Nb8 33. b5 Nxc6 34. dxc6 Nxe4 35. Qd5 Nf6
36. Qe6 Qb8 37. a7 Qa8 38. Bg5 Ne4 39. Re1 Nxg5 40. hxg5 Re8 41. Qf7 Rf8 42.
Qxh5+ Kg8 43. g6 Rf6 44. Qh7+ Kf8 45. Rh1 e4 46. Qh8+ Bxh8 47. Rxh8+ Kg7 48.
Rxa8 1-0